| 000 | 00612nam a2200217 i 4500 | ||
|---|---|---|---|
| 001 | bg | ||
| 100 | 1 | _aNORMAN, Susan. | |
| 245 | 1 | 0 |
_aWe`re in business : _bEnglish for commercial practice and international trade : workbook / _cSusan Norman. |
| 250 | _a16th impr. | ||
| 260 |
_aHarlow : _bLongman, _c1995. |
||
| 300 |
_a45 s. : _brys. ; _c24 cm. |
||
| 500 | _a1st publ. 1983. | ||
| 650 | 9 |
_aJęzyk angielski _xgramatyka |
|
| 655 | 4 | _aĆwiczenia i zadania | |
| 020 | _a0582748712 | ||
| 040 | _cBPK | ||
| 041 | 0 | _aen | |
| 920 | _a0-582-74871-2 | ||
| 942 | _cKS | ||
| 008 | s pl f |000 0 pol | ||
| 999 |
_c24678 _d24678 |
||
| 856 |
_uhttp://koha.tu.koszalin.pl/cgi-bin/koha/opac-detail.pl?biblionumber=24678 _yKatalog online BPK |
||